El crédito y los bancos / (Record no. 189838)

MARC details
000 -LEADER
campo de control de longitud fija 00648nam a2200205 i 4500
001 - NÚMERO DE CONTROL
campo de control 189838
003 - IDENTIFICADOR DE NÚMERO DE CONTROL
campo de control ES-MaACL
005 - FECHA Y HORA DE LA ÚLTIMA TRANSACCIÓN
campo de control 20250902025142.0
008 - DATOS DE LONGITUD FIJA--INFORMACIÓN GENERAL
campo de control de longitud fija 191203s1966 sp |||| | spa d
100 1# - ENTRADA PRINCIPAL--NOMBRE DE PERSONA
Nombre de persona Tobar, José María.
9 (RLIN) 110371
245 13 - MENCIÓN DEL TÍTULO
Título El crédito y los bancos /
Mención de responsabilidad, etc. José María Tobar.
260 ## - PUBLICACIÓN, DISTRIBUCIÓN, ETC.
Lugar de publicación, distribución, etc. Bilbao :
Nombre del editor, distribuidor, etc. Deusto,
Fecha de publicación, distribución, etc. [1966]
300 ## - DESCRIPCIÓN FÍSICA
Extensión 254 p. ;
Dimensiones 22 cm.
490 1# - MENCIÓN DE SERIE
Mención de serie Enciclopedia de la empresa moderna ;
Designación de volumen o secuencia 12
650 #4 - PUNTO DE ACCESO ADICIONAL DE MATERIA--TÉRMINO DE MATERIA
Término de materia o nombre geográfico como elemento de entrada Bancos-
Subdivisión geográfica España-
Subdivisión cronológica S.XX.
9 (RLIN) 167658
650 #4 - PUNTO DE ACCESO ADICIONAL DE MATERIA--TÉRMINO DE MATERIA
Término de materia o nombre geográfico como elemento de entrada Crédito-
Subdivisión geográfica España.
9 (RLIN) 146875
830 10 - PUNTO DE ACCESO ADICIONAL DE SERIE-TÍTULO UNIFORME
Título uniforme Enciclopedia de la empresa moderna
Designación de volumen o secuencia 12
9 (RLIN) 193420
852 4# - LOCALIZACIÓN
Ubicación ES-MaACL
Número de control de estantería P-1093-12
Holdings
Estatus retirado Estado de pérdida Estado de daño No para préstamo Biblioteca de origen Biblioteca actual Ubicación en estantería Fecha de adquisición Fuente de adquisición Total de préstamos Signatura topográfica completa Código de barras Visto por última vez Precio de reemplazo Tipo de ítem Koha
        Biblioteca del Ateneo de Madrid Biblioteca del Ateneo de Madrid Depósito 2 03/12/2019     P-1093-12 1201351 23/02/2023 23/02/2023 Libro impreso